LEADER 04417nam 2200601 450 001 9910465060203321 005 20200520144314.0 010 $a94-012-0998-7 024 7 $a10.1163/9789401209984 035 $a(CKB)3710000000084127 035 $a(SSID)ssj0001127641 035 $a(PQKBManifestationID)12483265 035 $a(PQKBTitleCode)TC0001127641 035 $a(PQKBWorkID)11151634 035 $a(PQKB)11525416 035 $a(MiAaPQ)EBC1598085 035 $a(OCoLC)900747521$z(OCoLC)869093984$z(OCoLC)874148430 035 $a(nllekb)BRILL9789401209984 035 $a(Au-PeEL)EBL1598085 035 $a(CaPaEBR)ebr10826876 035 $a(CaONFJC)MIL562818 035 $a(OCoLC)869093984 035 $a(EXLCZ)993710000000084127 100 $a20140127h20132013 uy 0 101 0 $aeng 135 $aurcnu|||||||| 181 $ctxt 182 $cc 183 $acr 200 00$aAfter Darwin $eanimals, emotions, and the mind /$fedited by Angelique Richardson ; cover illustration, Robert Braithwaite Martineau ; David Amigoni [and ten others], contributors 210 1$aAmsterdam, Netherlands ;$aNew York :$cRodopi,$d2013. 210 4$dİ2013 215 $a1 online resource (384 pages) $cillustrations 225 1 $aClio medica ;$v93 300 $aBibliographic Level Mode of Issuance: Monograph 311 $a1-306-31567-0 311 $a90-420-3747-4 320 $aIncludes bibliographical references at the end of each chapters and index. 327 $tPreliminary material /$rEditors After Darwin: Animals, Emotions, and the Mind -- $tIntroduction /$rAngelique Richardson -- $t?Love and Hatred are Common to the Whole Sensitive Creation?: Animal Feeling in the Century before Darwin1 /$rJane Spencer -- $t?The Book of the Season?: The Conception and Reception of Darwin?s Expression /$rAngelique Richardson -- $tThe Backbone Shiver: Darwin and the Arts /$rGillian Beer -- $tBecoming an Animal: Darwin and the Evolution of Sympathy /$rPaul White -- $tGeorge Eliot, G.H. Lewes, and Darwin: Animals, Emotions, and Morals /$rAngelique Richardson -- $tBetween Medicine and Evolutionary Theory: Sympathy and Other Emotional Investments in Life Writings by and about Charles Darwin /$rDavid Amigoni -- $tFrom Entangled Vision to Ethical Engagement: Darwin, Affect, and Contemporary Exhibition Projects /$rMonika Pietrzak-Franger -- $tReckoning with the Emotions: Neurological Responses to the Theory of Evolution, 1870?1930 /$rL.S. Jacyna -- $tDarwin?s Changing Expression and the Making of the Modern State /$rRhodri Hayward -- $tCalling the Wild: Selection, Domestication, and Species /$rHarriet Ritvo -- $tThe Development of Emotional Life /$rMichael Lewis -- $tThe Emotional and Moral Lives of Animals: What Darwin Would Have Said /$rMarc Bekoff -- $tIndex /$rEditors After Darwin Animals, Emotions, and the Mind. 330 $a?What is emotion?? pondered the young Charles Darwin in his notebooks. How were the emotions to be placed in an evolutionary framework? And what light might they shed on human-animal continuities? These were among the questions Darwin explored in his research, assisted both by an acute sense of observation and an extraordinary capacity for fellow feeling, not only with humans but with all animal life. After Darwin: Animals, Emotions, and the Mind explores questions of mind, emotion and the moral sense which Darwin opened up through his research on the physical expression of emotions and the human?animal relation. It also examines the extent to which Darwin?s ideas were taken up by Victorian writers and popular culture, from George Eliot to the Daily News . Bringing together scholars from biology, literature, history, psychology, psychiatry and paediatrics, the volume provides an invaluable reassessment of Darwin?s contribution to a new understanding of the moral sense and emotional life, and considers the urgent scientific and ethical implications of his ideas today. 410 0$aClio medica (Amsterdam, Netherlands) ;$v93. 608 $aElectronic books. 676 $a575.00924 701 $aRichardson$b Angelique$0501185 701 $aMartineau$b Robert Braithwaite$0865428 701 $aAmigoni$b David$0251431 801 0$bMiAaPQ 801 1$bMiAaPQ 801 2$bMiAaPQ 906 $aBOOK 912 $a9910465060203321 996 $aAfter Darwin$91931530 997 $aUNINA LEADER 02196nam 2200661Ia 450 001 9910456320003321 005 20200520144314.0 010 $a1-283-22644-8 010 $a9786613226440 010 $a0-7748-5714-5 035 $a(CKB)2430000000000337 035 $a(SSID)ssj0000376848 035 $a(PQKBManifestationID)11923860 035 $a(PQKBTitleCode)TC0000376848 035 $a(PQKBWorkID)10336187 035 $a(PQKB)11679932 035 $a(CaPaEBR)406889 035 $a(CaBNvSL)thg00602858 035 $a(MiAaPQ)EBC3253062 035 $a(MiAaPQ)EBC3412457 035 $a(Au-PeEL)EBL3412457 035 $a(CaPaEBR)ebr10221829 035 $a(CaONFJC)MIL322644 035 $a(OCoLC)923444822 035 $a(EXLCZ)992430000000000337 100 $a19941123d1985 uy 0 101 0 $aeng 135 $aurcn||||||||| 181 $ctxt 182 $cc 183 $acr 200 10$aLand, the central human settlement issue$b[electronic resource] /$fH. Peter Oberlander 210 $aVancouver $cUniversity of British Columbia Press$d1985 215 $ax, 103 p., [4] p. of plates $cill. ;$d24 cm 225 1 $aHuman settlement issues ;$v7 300 $a"Published in association with the Centre for Human Settlements at the University of British Columbia." 311 $a0-7748-0235-9 320 $aIncludes bibliography: p. [93]-101. 410 0$aHuman settlement issues ;$v7. 606 $aUrban poor$xHousing$zDeveloping countries 606 $aSquatter settlements$zDeveloping countries 606 $aHuman settlements$zDeveloping countries 606 $aLand use, Urban$zDeveloping countries 608 $aElectronic books. 615 0$aUrban poor$xHousing 615 0$aSquatter settlements 615 0$aHuman settlements 615 0$aLand use, Urban 676 $a333.77/13/091724 700 $aOberlander$b H. Peter$f1922-2008.$0866678 712 02$aUniversity of British Columbia.$bCentre for Human Settlements. 801 0$bMiAaPQ 801 1$bMiAaPQ 801 2$bMiAaPQ 906 $aBOOK 912 $a9910456320003321 996 $aLand, the central human settlement issue$91934607 997 $aUNINA